<?xml version="1.0" encoding="UTF-8"?>
<record
    xmlns:xsi="http://www.w3.org/2001/XMLSchema-instance"
    xsi:schemaLocation="http://www.loc.gov/MARC21/slim http://www.loc.gov/standards/marcxml/schema/MARC21slim.xsd"
    xmlns="http://www.loc.gov/MARC21/slim">

  <leader>01301nam a22002417a 4500</leader>
  <controlfield tag="001">74618</controlfield>
  <controlfield tag="003">BD-RjUL</controlfield>
  <controlfield tag="005">20211209082559.0</controlfield>
  <controlfield tag="008">181104s1991    bg ||||| |||| 00| 0 eng d</controlfield>
  <datafield tag="035" ind1=" " ind2=" ">
    <subfield code="a">(BD-RjUL)74836</subfield>
  </datafield>
  <datafield tag="040" ind1=" " ind2=" ">
    <subfield code="a">BD-RjUL</subfield>
    <subfield code="b">ben</subfield>
    <subfield code="c">BD-RjUL</subfield>
  </datafield>
  <datafield tag="041" ind1=" " ind2=" ">
    <subfield code="a">ben</subfield>
  </datafield>
  <datafield tag="082" ind1=" " ind2=" ">
    <subfield code="2">23</subfield>
    <subfield code="a">891.43915</subfield>
    <subfield code="b">ALA 1991</subfield>
  </datafield>
  <datafield tag="245" ind1=" " ind2=" ">
    <subfield code="a">&#x986;&#x9B2;&#x9CD;&#x9B2;&#x9BE;&#x9AE;&#x9BE; &#x987;&#x995;&#x9AC;&#x9BE;&#x9B2; /</subfield>
    <subfield code="c">&#x9B8;&#x9AE;&#x9CD;&#x9AA;&#x9BE;&#x9A6;&#x9A8;&#x9BE; &#x995;&#x9AE;&#x9BF;&#x99F;&#x9BF; &#x9B8;&#x9C8;&#x9AF;&#x9BC;&#x9A6; &#x9B8;&#x9BE;&#x99C;&#x9CD;&#x99C;&#x9BE;&#x9A6; &#x9B9;&#x9CB;&#x9B8;&#x9BE;&#x9AF;&#x9BC;&#x9C7;&#x9A8;, &#x98F;&#x9B8;. &#x9AE;&#x99C;&#x9BF;&#x9AC;&#x989;&#x9B2;&#x9CD;&#x9B2;&#x9BE;&#x9B9;, &#x995;&#x9C7;. &#x98F;. &#x9B0;&#x9B9;&#x9AE;&#x9BE;&#x9A8;, &#x98F;. &#x98F;&#x9AB;. &#x98F;&#x9AE;. &#x9B9;&#x9CB;&#x9B8;&#x9BE;&#x987;&#x9A8; &#x986;&#x9B9;&#x9AE;&#x9A6;, &#x9AE;&#x9C1;&#x9B9;&#x9BE;&#x9AE;&#x9CD;&#x9AE;&#x9BE;&#x9A6; &#x9A8;&#x9C1;&#x9B0;&#x9C1;&#x9B2; &#x987;&#x9B8;&#x9B2;&#x9BE;&#x9AE;, &#x9B8;&#x9C8;&#x9AF;&#x9BC;&#x9A6; &#x9A4;&#x9CB;&#x9B8;&#x9BE;&#x9B0;&#x9AB; &#x986;&#x9B2;&#x9C0;, &#x986;&#x9AC;&#x9A6;&#x9C1;&#x9B2; &#x993;&#x9AF;&#x9BC;&#x9BE;&#x9B9;&#x9BF;&#x9A6;</subfield>
  </datafield>
  <datafield tag="260" ind1=" " ind2=" ">
    <subfield code="a">&#x9A2;&#x9BE;&#x995;&#x9BE; :</subfield>
    <subfield code="b">&#x986;&#x9B2;&#x9CD;&#x9B2;&#x9BE;&#x9AE;&#x9BE; &#x987;&#x995;&#x9AC;&#x9BE;&#x9B2; &#x9B8;&#x982;&#x9B8;&#x9A6;, </subfield>
    <subfield code="c">&#x9E7;&#x9EF;&#x9EF;&#x9E7;</subfield>
  </datafield>
  <datafield tag="300" ind1=" " ind2=" ">
    <subfield code="a">&#x9E8;&#x9EB;&#x9EC; &#x9AA;&#x9C3;. :</subfield>
    <subfield code="b">&#x99A;&#x9BF;&#x9A4;&#x9CD;&#x9B0;&#x9B8;&#x9AE;&#x9C2;&#x9B9; ;</subfield>
    <subfield code="c">&#x9E8;&#x9E8; &#x9B8;&#x9C7;&#x9AE;&#x9BF;.</subfield>
  </datafield>
  <datafield tag="600" ind1=" " ind2=" ">
    <subfield code="a">&#x987;&#x995;&#x9AC;&#x9BE;&#x9B0;, &#x9AE;&#x9C1;&#x9B9;&#x9AE;&#x9CD;&#x9AE;&#x9A6; ,</subfield>
    <subfield code="d">&#x9E7;&#x9EE;&#x9ED;&#x9ED;-&#x9E7;&#x9EF;&#x9E9;&#x9EE;</subfield>
    <subfield code="9">224676</subfield>
  </datafield>
  <datafield tag="600" ind1=" " ind2=" ">
    <subfield code="a">Iqbal, Muhammad, </subfield>
    <subfield code="d">1877-1938</subfield>
    <subfield code="9">224677</subfield>
  </datafield>
  <datafield tag="700" ind1=" " ind2=" ">
    <subfield code="a">&#x9B9;&#x9CB;&#x9B8;&#x9BE;&#x9AF;&#x9BC;&#x9C7;&#x9A8;, &#x9B8;&#x9C8;&#x9AF;&#x9BC;&#x9A6; &#x9B8;&#x9BE;&#x99C;&#x9CD;&#x99C;&#x9BE;&#x9A6; </subfield>
    <subfield code="9">224678</subfield>
  </datafield>
  <datafield tag="700" ind1=" " ind2=" ">
    <subfield code="a">&#x9AE;&#x99C;&#x9BF;&#x9AC;&#x989;&#x9B2;&#x9CD;&#x9B2;&#x9BE;&#x9B9;, &#x98F;&#x9B8;. </subfield>
    <subfield code="9">224674</subfield>
  </datafield>
  <datafield tag="700" ind1=" " ind2=" ">
    <subfield code="a">&#x9B0;&#x9B9;&#x9AE;&#x9BE;&#x9A8;, &#x995;&#x9C7;. &#x98F;. </subfield>
    <subfield code="9">224679</subfield>
  </datafield>
  <datafield tag="942" ind1=" " ind2=" ">
    <subfield code="2">ddc</subfield>
    <subfield code="c">BK</subfield>
  </datafield>
  <datafield tag="999" ind1=" " ind2=" ">
    <subfield code="c">74618</subfield>
    <subfield code="d">74618</subfield>
  </datafield>
  <datafield tag="952" ind1=" " ind2=" ">
    <subfield code="0">0</subfield>
    <subfield code="1">0</subfield>
    <subfield code="2">ddc</subfield>
    <subfield code="4">0</subfield>
    <subfield code="7">1</subfield>
    <subfield code="8">NFIC</subfield>
    <subfield code="a">RUCL</subfield>
    <subfield code="b">RUCL</subfield>
    <subfield code="c">Reading</subfield>
    <subfield code="d">2004-10-06</subfield>
    <subfield code="e">Dhaka, Alama Iqbal Sansad</subfield>
    <subfield code="g">50.00</subfield>
    <subfield code="l">0</subfield>
    <subfield code="o">B 891.43915 ALA 1991</subfield>
    <subfield code="r">2018-11-04 00:00:00</subfield>
    <subfield code="t">C-1</subfield>
    <subfield code="w">2018-11-04</subfield>
    <subfield code="y">BK</subfield>
  </datafield>
</record>
